000 00283 a2200145 4500
001 182789
020 _a
040 _cMagnum
100 _aPeixoto, Alvarenga
240 1 0 _aOs sonetos
_lpor
245 1 0 _aOs sonetos
300 _a237
697 _aLITERATURA GERAL
942 _cBK
999 _c182789
_d182789